书目信息 |
| 题名: |
行政法学
|
|
| 作者: | 张树义 , 罗智敏 主编 | |
| 分册: | ||
| 出版信息: | 北京 北京大学出版社 2021.07 |
|
| 页数: | 340页 | |
| 开本: | 20cm | |
| 丛书名: | ||
| 单 册: | ||
| 中图分类: | D922.101 | |
| 科图分类: | ||
| 主题词: | 法律--中国 | |
| 电子资源: | ||
| ISBN: | 978-7-301-32307-6 | |
| 000 | 00636nam0 2200205 450 | |
| 001 | 2156196939 | |
| 005 | 20211230153854.10 | |
| 010 | @a978-7-301-32307-6@dCNY39.00 | |
| 100 | @a20211230d2021 km y0chiy0120 ea | |
| 101 | 0 | @achi |
| 102 | @aCN@b110000 | |
| 200 | 1 | @a行政法学@AXing Zheng Fa Xue@f张树义, 罗智敏主编@FZhang Shu Yi,Luo Zhi Min Zhu Bian |
| 210 | @a北京@c北京大学出版社@d2021.07 | |
| 215 | @a340页@d20cm | |
| 606 | 0 | @a法律@x中国 |
| 690 | @aD922.101@v4 | |
| 701 | 0 | @a张树义@AZhang Shu Yi@4主编 |
| 701 | 0 | @a罗智敏@ALuo Zhi Min@4主编 |
| 801 | 0 | @aCN@b大连网信软件有限公司图书馆·11@c20211230 |
| 905 | @aZUCC@dD922.101@eZ178=3 | |
| 行政法学/张树义, 罗智敏主编.-北京:北京大学出版社,2021.07 |
| 340页;20cm |
| ISBN 978-7-301-32307-6:CNY39.00 |
| ● |
| 相关链接 |
|
|
|
正题名:行政法学
索取号:D922.101/Z178=3
 
预约/预借
| 序号 | 登录号 | 条形码 | 馆藏地/架位号 | 状态 | 备注 |
| 1 | 1507318 | 215073186 | 法学院资料室/ [索取号:D922.101/Z178=3] | 在馆 |